Die Arbeitslosigkeit der Gegenwart : Vierter Teil: Die Arbeitslosigkeit in der Schweiz. Hrsg. Von Manuel Saitzew. (Schriften des Vereins Für Sozialpolitik, Band 185-IV).

Bibliographic Details
Main Author: Saitzew, Manuel.
Other Authors: Mangold, Fritz.
Format: eBook
Language:German
Published: Berlin : Duncker & Humblot, 2016.
Edition:1st ed.
Series:Duncker and Humblot Reprints Series
Subjects:
Online Access:Click to View
LEADER 02319nam a22003973i 4500
001 EBC7101442
003 MiAaPQ
005 20240729202204.0
006 m o d |
007 cr cnu||||||||
008 240729s2016 xx o ||||0 ger d
020 |a 9783428575411  |q (electronic bk.) 
020 |z 9783428175413 
035 |a (MiAaPQ)EBC7101442 
035 |a (Au-PeEL)EBL7101442 
035 |a (OCoLC)1347025373 
040 |a MiAaPQ  |b eng  |e rda  |e pn  |c MiAaPQ  |d MiAaPQ 
100 1 |a Saitzew, Manuel. 
245 1 4 |a Die Arbeitslosigkeit der Gegenwart :  |b Vierter Teil: Die Arbeitslosigkeit in der Schweiz. Hrsg. Von Manuel Saitzew. (Schriften des Vereins Für Sozialpolitik, Band 185-IV). 
250 |a 1st ed. 
264 1 |a Berlin :  |b Duncker & Humblot,  |c 2016. 
264 4 |c {copy}1934. 
300 |a 1 online resource (67 pages) 
336 |a text  |b txt  |2 rdacontent 
337 |a computer  |b c  |2 rdamedia 
338 |a online resource  |b cr  |2 rdacarrier 
490 1 |a Duncker and Humblot Reprints Series 
505 0 |a Intro -- Vorwort des Herausgebers -- Inhaltsverzeichnis -- I. Einleitung -- II. Bevölkerungsentwicklung und Wirtschaft -- III. Die Gesamtarbeitslosigkeit 1920 bis 1931 und ihr Rückgang von 1923 bis 1929 -- IV. Die Bekämpfung der Arbeitslosigkeit durch die öffentliche Verwaltung -- V. Der Gang und die Beschäftigung in den Hauptindustriezweigen von 1923 bis 1929 -- 1. Gesamtüberblick -- 2. Die Textilindustrie -- 3. Die Bautätigkeit -- 4. Die chemische Industrie -- 5. Die Maschinen- und die Metallindustrie -- 6. Die Uhrenindustrie -- 7. Die Bekleidungsindustrie -- 8. Die übrigen Industriezweige -- VI. Ergebnis -- Nachtrag. 
588 |a Description based on publisher supplied metadata and other sources. 
590 |a Electronic reproduction. Ann Arbor, Michigan : ProQuest Ebook Central, 2024. Available via World Wide Web. Access may be limited to ProQuest Ebook Central affiliated libraries.  
655 4 |a Electronic books. 
700 1 |a Mangold, Fritz. 
776 0 8 |i Print version:  |a Saitzew, Manuel  |t Die Arbeitslosigkeit der Gegenwart  |d Berlin : Duncker & Humblot,c2016  |z 9783428175413 
797 2 |a ProQuest (Firm) 
830 0 |a Duncker and Humblot Reprints Series 
856 4 0 |u https://ebookcentral.proquest.com/lib/matrademy/detail.action?docID=7101442  |z Click to View